[Event "16th Delhi Open 2018"]
[Site "New Delhi IND"]
[Date "2018.01.15"]
[Round "9.4"]
[White "Gupta, Abhijeet"]
[Black "Vignesh, N R"]
[Result "0-1"]
[WhiteTitle "GM"]
[BlackTitle "IM"]
[WhiteElo "2610"]
[BlackElo "2470"]
[WhiteFideId "5010608"]
[BlackFideId "25012215"]
[EventDate "2018.01.09"]

1. Nf3 d5 2. g3 Nf6 3. Bg2 c6 4. O-O Bg4 5. c4 e6 6. cxd5 Bxf3 7. Bxf3 cxd5 8.
d4 Nc6 9. Nc3 Be7 10. e3 O-O 11. Bd2 Rc8 12. Rc1 a6 13. Bg2 b5 14. a4 Qb6 15.
axb5 axb5 16. Qe2 Bb4 17. Rfd1 Rb8 18. Bf1 Na5 19. Be1 Nc4 20. Qc2 Rfc8 21. Bd3
Bf8 22. Qe2 Ra8 23. b3 Na5 24. Bxb5 Nxb3 25. Rb1 Ra3 26. Rb2 Qd8 27. Bd3 Bb4 28.
Nb1 Nc1 29. Qf1 Nxd3 30. Rxd3 Rc1 31. Rxa3 Rxe1 32. Rxb4 Rxf1+ 33. Kxf1 h5 34.
Nd2 Qc8 35. Kg2 Qc2 36. Rb7 Qxd2 37. Ra8+ Kh7 38. Rxf7 Ng4 39. Ra3 Qb2 40. Rd3
Kg8 41. Rf4 g5 42. Rf3 Nxh2 43. Rf6 Ng4 44. Rf3 Kg7 45. Rd1 Nf6 46. Rh1 Kg6 47.
Rxf6+ Kxf6 48. Rxh5 Kf5 49. Kf3 Qb1 50. g4+ Kg6 51. Kg3 Kf6 52. Rh6+ Ke7 53. Rh5
Qg6 54. Rh1 Kd7 55. Rc1 Qh6 56. Rg1 Qh4+ 57. Kf3 Qh2 58. Rg2 Qh1 59. Kg3 Qh4+
60. Kf3 Qh3+ 61. Rg3 Qh1+ 62. Rg2 Kc6 63. Kg3 Qh4+ 64. Kf3 Qh3+ 65. Rg3 Qh1+ 66.
Ke2 Kb5 67. Rf3 Kc4 68. Rf8 Qg2 0-1

[Event "16th Delhi Open 2018"]
[Site "New Delhi IND"]
[Date "2018.01.15"]
[Round "9.5"]
[White "Sengupta, Deep"]
[Black "Koustav, Chatterjee"]
[Result "1/2-1/2"]
[WhiteTitle "GM"]
[WhiteElo "2586"]
[BlackElo "2288"]
[WhiteFideId "5008352"]
[BlackFideId "25073060"]
[EventDate "2018.01.09"]

1. e4 c5 2. Nf3 e6 3. d4 cxd4 4. Nxd4 Nc6 5. Nc3 Qc7 6. g4 a6 7. Bg2 b5 8. Nxc6
Qxc6 9. O-O Bb7 10. a4 b4 11. Nd5 Bc5 12. Nf4 Qc7 13. Nd3 Bd6 14. f4 Bc5+ 15.
Kh1 Nf6 16. Qe2 d5 17. e5 Ne4 18. f5 Bd4 19. fxe6 fxe6 20. Be3 Bxe5 21. Bxe4
dxe4 22. Nxe5 Qxe5 23. Qd2 a5 24. Rad1 Qc7 25. Qf2 Ba6 26. Rfe1 Rf8 27. Qh4 g6
28. Kg1 Rf7 29. Rd2 Bc4 30. Red1 Bd5 31. Rf1 Qe7 32. Qxe7+ Kxe7 33. Bc5+ Ke8 34.
Rxf7 Kxf7 35. Kf2 Rc8 36. Bb6 b3 37. c3 Rc4 38. Rd4 Rxd4 39. Bxd4 Bc6 40. Ke3
Bxa4 41. Bb6 Bc6 42. Bxa5 e5 43. c4 h5 44. gxh5 gxh5 45. Be1 Ke6 46. Kd2 Kf5 47.
Bg3 Bd7 48. Kc3 e3 49. Kxb3 e4 50. Kc2 Kg4 51. Kd1 Kf3 52. Ke1 e2 53. b4 e3 54.
b5 Be8 55. Bd6 Bd7 56. Be7 Be8 1/2-1/2

[Event "16th Delhi Open 2018"]
[Site "New Delhi IND"]
[Date "2018.01.15"]
[Round "9.6"]
[White "Nitin, S."]
[Black "David, Alberto"]
[Result "0-1"]
[WhiteTitle "IM"]
[BlackTitle "GM"]
[WhiteElo "2422"]
[BlackElo "2553"]
[WhiteFideId "5018277"]
[BlackFideId "4000013"]
[EventDate "2018.01.09"]

1. e4 e6 2. d4 d5 3. Nc3 Nf6 4. Bg5 Bb4 5. e5 h6 6. Bd2 Bxc3 7. bxc3 Ne4 8. Qg4
Kf8 9. Bd3 Nxd2 10. Kxd2 c5 11. h4 Nc6 12. Qf4 c4 13. Be2 b5 14. a3 Bd7 15. Nf3
a5 16. Rhb1 Rb8 17. g4 Qe7 18. h5 Ke8 19. Qe3 Rf8 20. Rg1 b4 21. axb4 axb4 22.
Rgb1 bxc3+ 23. Qxc3 Rxb1 24. Rxb1 f5 25. exf6 Qxf6 26. Qe3 Qf4 27. Rb7 Kd8 28.
Rb1 Kc7 29. Ra1 Qd6 30. Ke1 Rf4 31. Nd2 Nxd4 32. Qc3 Qb6 33. Rb1 Qc5 34. Nf1 Nc6
35. Ne3 Qa5 36. Qxa5+ Nxa5 37. Ra1 Nc6 38. Ra8 Bc8 39. c3 Kb7 40. Ra1 Rf8 41. f3
Kc7 42. Kf2 Bd7 43. g5 Be8 44. Rg1 Kd6 45. Rg3 Ne5 46. Ng4 Nxg4+ 47. Rxg4 Rf5
48. f4 Bxh5 49. gxh6 gxh6 50. Rh4 Bxe2 51. Kxe2 h5 52. Ke3 e5 0-1

[Event "16th Delhi Open 2018"]
[Site "New Delhi IND"]
[Date "2018.01.15"]
[Round "9.7"]
[White "Dzhumaev, Marat"]
[Black "Vaibhav, Suri"]
[Result "1/2-1/2"]
[WhiteTitle "GM"]
[BlackTitle "GM"]
[WhiteElo "2434"]
[BlackElo "2542"]
[WhiteFideId "14200236"]
[BlackFideId "5045185"]
[EventDate "2018.01.09"]

1. e4 e5 2. Nf3 Nc6 3. d4 exd4 4. Nxd4 Bc5 5. Nb3 Bb6 6. Nc3 Nf6 7. Bg5 h6 8.
Bh4 O-O 9. Bd3 Ne5 10. O-O c6 11. Kh1 d6 12. f4 Ng6 13. Bg3 Re8 14. Qd2 Nh5 15.
Rae1 Nxg3+ 16. hxg3 a5 17. a4 Bg4 18. Nd1 Nf8 19. c3 Qf6 20. Nf2 Be6 21. Qd1
Rad8 22. Nd2 Bc8 23. Qf3 Nd7 24. Nc4 Bc7 25. Bc2 Nc5 26. Ne3 Bb6 27. Qh5 Qg6 28.
Qh4 Qf6 29. Qh2 Qe7 30. Qh5 Nd7 31. Nf5 Qe6 32. Ng4 g6 33. Ngxh6+ Kf8 34. Qg5
Qf6 35. Nh4 Kg7 36. e5 dxe5 37. Nxf7 Qxg5 38. fxg5 Nf8 39. Nxd8 Bxd8 40. Bb3
Bxg5 41. Rf7+ Kh6 42. Ref1 Nd7 43. Bc2 e4 44. Re1 Nc5 45. Nf3 Bd8 46. Nd4 Bg5
47. Kg1 Bg4 48. Nf3 Bd8 49. Kf2 Bb6 50. Nd4 Kg5 51. Rf4 Bc7 52. Nf3+ Bxf3 53.
Rxf3 Rd8 54. Rfe3 Bb6 55. Ke2 Re8 56. Rf1 Nd3 57. Rxe4 Rxe4+ 58. Kxd3 Re3+ 59.
Kc4 Rxg3 60. Be4 Re3 61. Bf3 Re7 62. Rd1 Kf4 63. Rd6 Kf5 64. b4 g5 65. bxa5 Bxa5
66. Rd4 Re3 67. Kc5 Rxc3+ 68. Kd6 Bb6 69. Bg4+ Kf6 70. Rd1 Be3 71. a5 Bf4+ 72.
Kd7 Rg3 73. Bf3 g4 74. Be4 Ra3 75. Rb1 Rxa5 76. Rxb7 c5 77. Rb6+ Kg5 78. Bd5 Be3
79. Re6 Bd4 80. Re4 Kf5 81. Kc6 Ra4 82. Re8 Kf4 83. Re4+ Kf5 84. Re8 Bg1 85.
Rf8+ Ke5 86. Re8+ Kf4 87. Rf8+ Ke3 88. Be6 Kd2 89. Rg8 c4 90. Kb5 Ra3 91. Bxc4
g3 92. Bd5 1/2-1/2

[Event "16th Delhi Open 2018"]
[Site "New Delhi IND"]
[Date "2018.01.15"]
[Round "9.8"]
[White "Pruijssers, Roeland"]
[Black "Khusenkhojaev, Muhammad"]
[Result "0-1"]
[WhiteTitle "GM"]
[BlackTitle "IM"]
[WhiteElo "2536"]
[BlackElo "2462"]
[WhiteFideId "1013068"]
[BlackFideId "14700247"]
[EventDate "2018.01.09"]

1. c4 Nf6 2. g3 c6 3. Bg2 d5 4. Nf3 g6 5. b3 Bg7 6. Bb2 O-O 7. O-O Nbd7 8. Qc2
b6 9. d3 Bb7 10. e4 e6 11. Nbd2 c5 12. exd5 exd5 13. cxd5 Bxd5 14. Rfe1 Qc7 15.
Ne4 Rfe8 16. Nd4 a6 17. b4 Nxe4 18. dxe4 Bb7 19. f4 Rac8 20. bxc5 bxc5 21. Nb3
Bxb2 22. Qxb2 c4 23. Nd4 Nc5 24. e5 Bxg2 25. Qxg2 Nd3 26. Re3 Qc5 27. Nc2 Nb4
28. Re1 Nd5 29. Kh1 Nxe3 30. Nxe3 Red8 31. Qh3 c3 32. Ng4 h5 33. Nf6+ Kg7 34. f5
c2 35. Nxh5+ gxh5 36. f6+ Kg6 37. g4 Qd5+ 0-1

[Event "16th Delhi Open 2018"]
[Site "New Delhi IND"]
[Date "2018.01.15"]
[Round "9.9"]
[White "Mohammad, Nubairshah Shaikh"]
[Black "Karthikeyan, P."]
[Result "1-0"]
[WhiteTitle "IM"]
[BlackTitle "IM"]
[WhiteElo "2380"]
[BlackElo "2497"]
[WhiteFideId "5053196"]
[BlackFideId "5018226"]
[EventDate "2018.01.09"]

1. d4 Nf6 2. c4 e6 3. Nc3 Bb4 4. e3 O-O 5. Ne2 c6 6. a3 Ba5 7. b4 Bc7 8. d5 Qe7
9. g3 Be5 10. Bg2 a5 11. Rb1 axb4 12. axb4 exd5 13. cxd5 Na6 14. f4 Bd6 15. b5
cxb5 16. Nd4 Bb4 17. Nxb5 d6 18. O-O Bf5 19. Rxb4 Nxb4 20. e4 Bd7 21. Ba3 Bxb5
22. Nxb5 Qd7 23. Qe2 Ra5 24. Bxb4 Rxb5 25. Bxd6 Ra8 26. Be5 Ne8 27. Bh3 Qxh3 28.
Qxb5 h5 29. Ra1 Rc8 30. Qf1 Qg4 31. Rc1 Ra8 32. Qd1 Qh3 33. f5 h4 34. d6 hxg3
35. Bxg3 Nf6 36. d7 Nxd7 37. Qxd7 Ra2 38. Qd8+ Kh7 39. Qh4+ Qxh4 40. Bxh4 Ra4
41. Re1 b5 42. Kf2 f6 43. Ke3 Ra3+ 44. Kd4 Rb3 45. Bg3 Kh6 46. Bf4+ Kh7 47. Rg1 1-0

[Event "16th Delhi Open 2018"]
[Site "New Delhi IND"]
[Date "2018.01.15"]
[Round "9.10"]
[White "Sammed Jaykumar, Shete"]
[Black "Horvath, Adam1"]
[Result "0-1"]
[BlackTitle "GM"]
[WhiteElo "2337"]
[BlackElo "2484"]
[WhiteFideId "5073421"]
[BlackFideId "708003"]
[EventDate "2018.01.09"]

1. e4 c5 2. c3 Nf6 3. e5 Nd5 4. Nf3 Nc6 5. Bc4 Nb6 6. Bb3 c4 7. Bc2 d6 8. exd6
Qxd6 9. Na3 Qe6+ 10. Qe2 Qxe2+ 11. Kxe2 Bg4 12. h3 Bxf3+ 13. Kxf3 e6 14. b3 Bxa3
15. Bxa3 O-O-O 16. Ke2 Rd5 17. Rhd1 Rhd8 18. d3 cxd3+ 19. Bxd3 f5 20. Bb2 a5 21.
Bc2 g6 22. g3 Kc7 23. Rxd5 Nxd5 24. Bd3 a4 25. Rc1 axb3 26. axb3 Na5 27. b4 Nc6
28. f4 Nb6 29. Ra1 e5 30. b5 e4 31. Bc2 Nc4 32. Bc1 N6a5 33. Ra4 Kb6 34. Rb4 Kc5
35. b6 Rd6 36. Ba4 Rd3 37. Rb5+ Kd6 38. Ba3+ Nxa3 39. Rxa5 Nc4 40. Ra7 Nxb6 41.
Bb5 Rxg3 42. Rxb7 Nd5 43. c4 Nxf4+ 44. Kf2 Rxh3 45. Rd7+ Kc5 46. Rc7+ Kb4 47.
Re7 h5 48. Ba6 h4 49. Re8 Ra3 50. Rb8+ Kc5 51. Rc8+ Kd4 52. Rd8+ Ke5 53. Bb5 h3 0-1

[Event "16th Delhi Open 2018"]
[Site "New Delhi IND"]
[Date "2018.01.15"]
[Round "9.11"]
[White "Amonatov, Farrukh"]
[Black "Sardana, Rishi"]
[Result "1/2-1/2"]
[WhiteTitle "GM"]
[BlackTitle "IM"]
[WhiteElo "2636"]
[BlackElo "2402"]
[WhiteFideId "14700077"]
[BlackFideId "25004301"]
[EventDate "2018.01.09"]

1. e4 e5 2. Nf3 Nc6 3. Bb5 a6 4. Ba4 Nf6 5. O-O Be7 6. Re1 b5 7. Bb3 d6 8. c3
O-O 9. h3 Nb8 10. d4 Nbd7 11. Nbd2 Bb7 12. Bc2 Re8 13. Nf1 Bf8 14. Ng3 g6 15. a4
Nb6 16. axb5 axb5 17. Rxa8 Qxa8 18. Bg5 Bg7 19. dxe5 dxe5 20. Qc1 Nc4 21. Bh6
Nd6 22. Bxg7 Kxg7 23. Qe3 Qa2 24. Rb1 b4 25. Nd2 Qa5 26. c4 c5 27. Nb3 Qc7 28.
Qxc5 Qxc5 29. Nxc5 Rc8 30. Nd3 Rxc4 31. Bb3 Rd4 32. Nxe5 Ndxe4 33. Nxe4 Bxe4 34.
Rd1 Rxd1+ 35. Bxd1 Nd5 36. f3 Ne3 37. Bb3 Bc2 38. Bxf7 Kf6 39. Nc4 Nd1 40. Be8
Bd3 41. Ba4 Bxc4 42. Bxd1 Ke5 43. Kf2 Kd4 44. Be2 Be6 45. h4 h6 46. Bb5 g5 47.
g3 Bd5 48. Ke2 Bb7 49. Be8 Bd5 50. Bg6 Be6 51. Kf2 Bb3 52. hxg5 hxg5 53. f4 gxf4
54. gxf4 Bd1 55. Bf7 Bc2 56. Kg3 b3 57. Kg4 Ke3 58. f5 Bxf5+ 59. Kxf5 Kd2 60.
Bxb3 Kc1 1/2-1/2

[Event "16th Delhi Open 2018"]
[Site "New Delhi IND"]
[Date "2018.01.15"]
[Round "9.12"]
[White "Rathnakaran, K."]
[Black "Rozum, Ivan"]
[Result "1/2-1/2"]
[WhiteTitle "IM"]
[BlackTitle "GM"]
[WhiteElo "2372"]
[BlackElo "2595"]
[WhiteFideId "5005507"]
[BlackFideId "24104272"]
[EventDate "2018.01.09"]

1. e4 c6 2. Nc3 d5 3. Nf3 dxe4 4. Nxe4 Nf6 5. Nxf6+ exf6 6. d4 Bd6 7. Bd3 O-O 8.
O-O Re8 9. Nh4 g6 10. Bh6 Na6 11. c3 Nc7 12. Qd2 Be6 13. f4 f5 14. Rf3 Qxh4 15.
Bg5 Bxf4 16. Bxf4 Qd8 17. Raf1 Nd5 18. Bh6 b5 19. b3 Rb8 20. Rg3 Qd7 21. c4 bxc4
22. bxc4 Nb6 23. d5 cxd5 24. c5 Na4 25. Qf4 f6 26. Qd4 Kf7 27. Bc2 Nxc5 28. Qxc5
Rec8 29. Qf2 Rb2 30. Rc1 Qc7 31. Bf4 Rxc2 32. Rxc2 Qxc2 33. Qxa7+ Kg8 34. h4 Qe4
35. Bh6 Bf7 36. Qa6 Qd4+ 37. Be3 Rc1+ 38. Kh2 Qxh4+ 39. Rh3 Qc4 40. Qxf6 Qc7+
41. Rg3 Rc6 42. Bf4 Rxf6 43. Bxc7 Ra6 44. a3 h6 45. Rb3 g5 46. Be5 f4 47. Bd4
Kh7 48. g3 fxg3+ 49. Kxg3 Kg6 50. Rf3 h5 51. Bb2 h4+ 52. Kf2 Be8 53. Rf8 Bf7 54.
Rb8 g4 55. Rh8 Rc6 56. Ke3 Kg5 57. Rf8 Re6+ 58. Kd2 Bg6 59. Bd4 g3 60. Be3+ Kg4
61. Rf4+ Kh3 62. a4 Rc6 63. a5 Rc2+ 64. Ke1 Ra2 65. Bb6 g2 66. Bf2 Ra1+ 67. Kd2
g1=Q 68. Rxh4+ Kg2 69. Bxg1 Rxg1 70. a6 Kf3 71. Rh3+ Kf4 72. Ra3 Rg2+ 73. Ke1 d4
74. a7 Be4 75. a8=Q Bxa8 76. Rxa8 Ke3 77. Re8+ Kd3 78. Rh8 Rg1+ 79. Kf2 Rd1 80.
Ra8 Rc1 81. Rd8 Rc7 82. Ke1 Rb7 83. Rd6 Rh7 84. Ra6 Rh1+ 85. Kf2 Kc2 86. Ra2+
Kb3 87. Ra8 Kc3 88. Ra3+ Kc2 89. Ra2+ Kd3 90. Ra3+ Ke4 91. Rg3 Kd5 92. Ke2 Kc4
93. Kd2 Rh4 94. Rf3 Rh1 95. Rg3 Ra1 96. Rh3 Ra2+ 97. Kd1 Rg2 98. Rf3 d3 99. Rf8 1/2-1/2

[Event "16th Delhi Open 2018"]
[Site "New Delhi IND"]
[Date "2018.01.15"]
[Round "9.13"]
[White "Tukhaev, Adam"]
[Black "Sindarov, Javokhir"]
[Result "1-0"]
[WhiteTitle "GM"]
[BlackTitle "IM"]
[WhiteElo "2570"]
[BlackElo "2429"]
[WhiteFideId "14109476"]
[BlackFideId "14205483"]
[EventDate "2018.01.09"]

1. e4 e5 2. Nf3 Nc6 3. Bb5 a6 4. Ba4 g6 5. d4 exd4 6. Nxd4 Bg7 7. Nxc6 bxc6 8.
Nc3 Ne7 9. Be3 O-O 10. Qd2 d6 11. O-O-O Be6 12. h4 Rb8 13. h5 c5 14. Bh6 Bh8 15.
f4 f5 16. hxg6 Nxg6 17. g4 fxe4 18. f5 Be5 19. fxe6 Rf3 20. Bb3 Kh8 21. Nxe4 c4
22. Ng5 cxb3 23. axb3 Qf6 24. Nxf3 Qxf3 25. Qa5 Rc8 26. Qa4 c6 27. Qxa6 Re8 28.
Kb1 c5 29. Qb5 Ra8 30. Bd2 Bg7 31. Bc3 Bxc3 32. bxc3 Ne5 33. e7 1-0

[Event "16th Delhi Open 2018"]
[Site "New Delhi IND"]
[Date "2018.01.15"]
[Round "9.14"]
[White "Mitrabha, Guha"]
[Black "Sivuk, Vitaly"]
[Result "0-1"]
[WhiteTitle "FM"]
[BlackTitle "GM"]
[WhiteElo "2319"]
[BlackElo "2550"]
[WhiteFideId "5057000"]
[BlackFideId "14116502"]
[EventDate "2018.01.09"]

1. d4 g6 2. Nf3 Bg7 3. c4 d6 4. g3 Nf6 5. Bg2 O-O 6. Nc3 Nbd7 7. O-O e5 8. h3
Re8 9. e4 exd4 10. Nxd4 Nc5 11. Re1 Bd7 12. Bf4 h6 13. b3 Nh7 14. Kh2 Ng5 15.
Rc1 h5 16. h4 Nh7 17. Qd2 Be5 18. Rcd1 a5 19. Nd5 c6 20. Nc3 Qf6 21. Nde2 Be6
22. Qe3 Qe7 23. Nd4 Bg4 24. f3 Bc8 25. Rd2 a4 26. b4 Ne6 27. Nxe6 Bxe6 28. Bxe5
dxe5 29. c5 a3 30. Red1 Nf8 31. Rd6 Red8 32. Qd2 Rxd6 33. Qxd6 Qxd6 34. Rxd6 Bc4
35. Bh3 Ne6 36. Bxe6 Bxe6 37. Kg2 Kf8 38. f4 exf4 39. gxf4 Ke7 40. Kf3 f6 41.
Ke3 Rd8 42. Rxd8 Kxd8 43. Nb1 Bxa2 44. Nxa3 Bb3 45. Nb1 Ke7 46. Nd2 Be6 47. Nf3
Bd7 48. Nd4 Kd8 49. e5 Ke7 50. Ke4 Bg4 51. f5 gxf5+ 52. Nxf5+ Ke6 53. Nd4+ Kf7
54. Kf4 Ke7 55. Nb3 Ke6 56. exf6 Kxf6 57. Na5 Ke6 58. Ke4 Bf5+ 59. Kd4 Bh3 60.
Nxb7 Kf5 61. Na5 Bg2 62. Nc4 Kf4 63. Ne3 Bh1 64. Nc4 Kg3 65. Nd6 Kxh4 66. b5
cxb5 67. Nxb5 Kg3 68. Nd6 Kf4 69. Nc4 h4 70. Ne5 h3 71. Nd3+ Kg3 72. Ke3 h2 73.
Nf2 Bc6 74. Ke2 Bb5+ 75. Ke3 Kg2 76. Nh1 Kxh1 77. Kf2 Bc6 78. Kf1 Bb7 79. Kf2
Bg2 0-1

[Event "16th Delhi Open 2018"]
[Site "New Delhi IND"]
[Date "2018.01.15"]
[Round "9.15"]
[White "Tran, Tuan Minh"]
[Black "Shyaamnikhil, P"]
[Result "1/2-1/2"]
[WhiteTitle "GM"]
[BlackTitle "IM"]
[WhiteElo "2548"]
[BlackElo "2397"]
[WhiteFideId "12401820"]
[BlackFideId "5024218"]
[EventDate "2018.01.09"]

1. d4 Nf6 2. c4 c5 3. d5 b5 4. cxb5 a6 5. bxa6 g6 6. Nc3 Bg7 7. e4 O-O 8. Nf3
Qa5 9. Nd2 Bxa6 10. Be2 e6 11. O-O Bxe2 12. Qxe2 exd5 13. exd5 Qa6 14. Nc4 d6
15. Bf4 Nbd7 16. Bxd6 Rfe8 17. Qd3 Nb6 18. Ne5 Nc8 19. Qxa6 Rxa6 20. Bb8 Nb6 21.
Bd6 Nbxd5 22. Nxd5 Nxd5 23. Nc4 Bxb2 24. Nxb2 Rxd6 25. Rfd1 Rde6 26. Kf1 Nc3 27.
Rd2 Re2 28. Rxe2 Rxe2 29. Na4 Rxa2 30. Rxa2 Nxa2 31. Nxc5 Nc3 32. Ke1 1/2-1/2

[Event "16th Delhi Open 2018"]
[Site "New Delhi IND"]
[Date "2018.01.15"]
[Round "9.16"]
[White "Dhulipalla, Bala Chandra Prasad"]
[Black "Lalith, Babu M R"]
[Result "1-0"]
[WhiteTitle "IM"]
[BlackTitle "GM"]
[WhiteElo "2313"]
[BlackElo "2542"]
[WhiteFideId "25005812"]
[BlackFideId "5024595"]
[EventDate "2018.01.09"]

1. d4 Nf6 2. Bf4 c5 3. dxc5 Na6 4. f3 e6 5. e4 Bxc5 6. Nc3 d5 7. Qd2 O-O 8.
O-O-O Nc7 9. g4 b5 10. h4 Qe7 11. e5 Nd7 12. Nh3 Nb6 13. Bg5 f6 14. exf6 gxf6
15. Bh6 Rf7 16. g5 Bd7 17. gxf6 Qxf6 18. Bg5 Qe5 19. Re1 Qd4 20. Qh2 b4 21. Rg1
Kh8 22. Rg4 Qg7 23. Bf4 Qf8 24. Bxc7 bxc3 25. Be5+ Rf6 26. Qf4 cxb2+ 27. Kb1 Be7
28. Bd3 Be8 29. Ng5 Nd7 30. Nxh7 1-0

[Event "16th Delhi Open 2018"]
[Site "New Delhi IND"]
[Date "2018.01.15"]
[Round "9.17"]
[White "Deepan, Chakkravarthy J."]
[Black "Gomes, Mary Ann"]
[Result "1-0"]
[WhiteTitle "GM"]
[BlackTitle "WGM"]
[WhiteElo "2475"]
[BlackElo "2328"]
[WhiteFideId "5011132"]
[BlackFideId "5013623"]
[EventDate "2018.01.09"]

1. e4 c5 2. Nf3 d6 3. d4 cxd4 4. Nxd4 Nf6 5. Nc3 a6 6. a4 Nc6 7. a5 Bd7 8. Nb3
e6 9. Be3 Be7 10. Be2 O-O 11. f4 Rc8 12. Bb6 Qe8 13. Bf3 e5 14. g4 Be6 15. f5
Bxb3 16. cxb3 Nd7 17. Bf2 Nc5 18. Ra3 Nd4 19. O-O Nb5 20. Nd5 Nxa3 21. bxa3 Nd7
22. Qd2 Qd8 23. Kh1 Bg5 24. Qb4 Nc5 25. Rd1 Bh4 26. Be3 Bg5 27. Bf2 Bh4 28. Bg1
Rc6 29. Be2 Kh8 30. Rf1 Qc8 31. Be3 Nd7 32. Bc4 Rc5 33. g5 Qc6 34. Rg1 f6 35. g6
Bg5 36. Bxc5 Qxc5 37. Qxc5 Nxc5 38. Re1 hxg6 39. Ne7 Re8 40. Nxg6+ Kh7 41. b4
Na4 42. Bd5 Rb8 43. Rd1 Nb2 44. Rb1 Na4 45. Rb3 b6 46. b5 bxa5 47. bxa6 Rxb3 48.
Bxb3 Nb6 49. a7 Be3 50. Bd5 1-0

[Event "16th Delhi Open 2018"]
[Site "New Delhi IND"]
[Date "2018.01.15"]
[Round "9.18"]
[White "Saravana, Krishnan P."]
[Black "Czebe, Attila"]
[Result "0-1"]
[BlackTitle "GM"]
[WhiteElo "2323"]
[BlackElo "2458"]
[WhiteFideId "5018382"]
[BlackFideId "705268"]
[EventDate "2018.01.09"]

1. e4 c5 2. Nf3 b6 3. d4 cxd4 4. Nxd4 Bb7 5. Nc3 Nf6 6. Bd3 Nc6 7. Nxc6 Bxc6 8.
Bg5 Qc7 9. Qe2 e6 10. O-O Bd6 11. Kh1 h6 12. Bxf6 gxf6 13. Nb5 Qb8 14. Nxd6+
Qxd6 15. Rad1 Qc5 16. f4 h5 17. Qf2 h4 18. h3 Ke7 19. f5 Rag8 20. Rd2 Qe5 21. c3
Rg3 22. Qf4 Qxf4 23. Rxf4 e5 24. Rff2 d5 25. Rfe2 Rd8 26. Bb1 d4 27. cxd4 exd4
28. Bd3 Kd6 29. Bc4 Ke5 30. Bxf7 Bxe4 31. Bh5 Kxf5 32. Re1 Ke5 33. Kg1 f5 34.
Bf3 d3 35. Kf1 Kd4 36. Bd1 Rdg8 37. Ree2 Rc8 38. Rf2 Rc1 39. Kg1 Ke3 40. Kf1
Rxg2 0-1

[Event "16th Delhi Open 2018"]
[Site "New Delhi IND"]
[Date "2018.01.15"]
[Round "9.19"]
[White "Harsha, Bharathakoti"]
[Black "Kaustuv, Kundu"]
[Result "1-0"]
[WhiteTitle "IM"]
[WhiteElo "2451"]
[BlackElo "2324"]
[WhiteFideId "5078776"]
[BlackFideId "5056900"]
[EventDate "2018.01.09"]

1. e4 c5 2. Nf3 d6 3. Nc3 Nc6 4. Bb5 Bd7 5. O-O e5 6. d3 Nf6 7. Bg5 Be7 8. a4
O-O 9. Bxf6 Bxf6 10. Nd5 g6 11. a5 a6 12. Bc4 Bg7 13. Nb6 Rb8 14. Nxd7 Qxd7 15.
c3 Qc7 16. Qa4 Rbd8 17. Bd5 Ne7 18. Qb3 Nxd5 19. Qxd5 Bh6 20. Ne1 Rb8 21. Nc2 b5
22. axb6 Rxb6 23. Na3 Rxb2 24. Nc4 Rc2 25. Rxa6 Rxc3 26. Rxd6 Qe7 27. g3 Bg7 28.
Rb1 Qg5 29. Rb7 Rc2 30. Kg2 Qh5 31. Rd8 Rxf2+ 32. Kxf2 Qxh2+ 33. Kf1 Qh1+ 34.
Ke2 Qg2+ 35. Kd1 Qf1+ 36. Kc2 h5 37. Rxf8+ Bxf8 38. Nxe5 Qe2+ 39. Kc3 Qe1+ 40.
Kc4 1-0

[Event "16th Delhi Open 2018"]
[Site "New Delhi IND"]
[Date "2018.01.16"]
[Round "10.1"]
[White "Naiditsch, Arkadij"]
[Black "David, Alberto"]
[Result "1/2-1/2"]
[WhiteTitle "GM"]
[BlackTitle "GM"]
[WhiteElo "2701"]
[BlackElo "2553"]
[WhiteFideId "4650891"]
[BlackFideId "4000013"]
[EventDate "2018.01.09"]

1. e4 c6 2. d4 d5 3. exd5 cxd5 4. c4 Nf6 5. Nc3 e6 6. Nf3 Bb4 7. cxd5 Nxd5 8.
Qc2 Nc6 9. a3 Be7 10. Bd3 h6 11. O-O O-O 12. Qe2 Bd7 13. Nxd5 exd5 14. Bb1 Re8
15. Qd3 g6 16. Bxh6 Bf6 17. Ba2 Bf5 18. Qd2 1/2-1/2

[Event "16th Delhi Open 2018"]
[Site "New Delhi IND"]
[Date "2018.01.16"]
[Round "10.2"]
[White "Karthikeyan, Murali"]
[Black "Rahman, Ziaur"]
[Result "1/2-1/2"]
[WhiteTitle "GM"]
[BlackTitle "GM"]
[WhiteElo "2580"]
[BlackElo "2472"]
[WhiteFideId "5074452"]
[BlackFideId "10200037"]
[EventDate "2018.01.09"]

1. e4 c5 2. Nf3 d6 3. d4 cxd4 4. Nxd4 Nf6 5. Nc3 Nc6 6. Be2 e5 7. Nb3 Be7 8. Bg5
O-O 9. Qd2 a5 10. Rd1 a4 11. Nc1 Nd4 12. O-O Be6 13. Bd3 h6 14. Bxf6 Bxf6 15.
Nd5 Bg5 16. Qe1 Qa5 17. c3 Bxc1 18. Rxc1 Nc6 19. Rd1 Rfe8 20. b4 axb3 21. axb3
Bxd5 22. exd5 Ne7 23. c4 Qb6 24. b4 Ng6 25. Bxg6 fxg6 26. Qe4 Rf8 27. Qxg6 Rf6
28. Qb1 Ra4 29. c5 Qxb4 30. cxd6 Qxb1 31. Rxb1 Rxd6 32. Rxb7 Rxd5 33. h3 Rad4
34. Rbb1 Kf7 35. Kh2 Rd2 36. Rfc1 Rd7 37. f3 Re2 38. Rc4 Re7 39. Rbb4 h5 40. Rh4
g6 41. Rhc4 Kf6 42. h4 Rd2 43. Kg3 Rd6 44. Rc8 Rde6 45. Re4 Re8 46. Rc5 R8e7 47.
Kh3 Kf7 48. g4 hxg4+ 49. fxg4 Kf6 50. Kg3 Kg7 51. g5 Re8 52. Kg4 R8e7 53. Kf3
Rf7+ 54. Ke3 Ra6 55. Rcxe5 Ra3+ 56. Kd4 Ra4+ 57. Kd3 Ra3+ 58. Kc4 Ra4+ 59. Kb5
Rxe4 60. Rxe4 Rf1 61. Kc6 Rh1 62. Kd6 Rd1+ 63. Ke6 Ra1 64. Rd4 Re1+ 65. Kd5 Ra1
66. Re4 Rd1+ 67. Kc6 Kf7 68. Rf4+ Kg7 69. Kc5 Rc1+ 70. Kd5 Rd1+ 71. Ke5 Re1+ 72.
Re4 Ra1 73. Rc4 Re1+ 74. Kf4 Rf1+ 75. Kg3 Rf7 76. Kg4 Ra7 77. Kf4 Ra5 78. Rc7+
Kg8 79. Rd7 Ra4+ 80. Ke5 Rxh4 81. Rd4 Rh1 82. Kf6 Rf1+ 1/2-1/2

[Event "16th Delhi Open 2018"]
[Site "New Delhi IND"]
[Date "2018.01.16"]
[Round "10.3"]
[White "Horvath, Adam1"]
[Black "Akash Pc, Iyer"]
[Result "1-0"]
[WhiteTitle "GM"]
[WhiteElo "2484"]
[BlackElo "2415"]
[WhiteFideId "708003"]
[BlackFideId "5006775"]
[EventDate "2018.01.09"]

1. e4 c5 2. Nf3 d6 3. d4 cxd4 4. Nxd4 Nf6 5. Nc3 Nc6 6. Bg5 e6 7. Qd2 a6 8.
O-O-O Bd7 9. f3 Qc7 10. Kb1 Be7 11. h4 h6 12. Be3 Na5 13. g4 b5 14. Bd3 Nc4 15.
Bxc4 bxc4 16. g5 Nh5 17. gxh6 gxh6 18. Rhg1 Rb8 19. Ka1 Qb7 20. Rb1 Bf8 21. Nde2
Qc6 22. f4 Be7 23. f5 Nf6 24. fxe6 fxe6 25. Nd4 Qb7 26. Bxh6 Nxe4 27. Qe3 Nc5
28. Bg5 Rf8 29. Bxe7 Kxe7 30. Qg5+ Ke8 31. Qh6 Qb6 32. Nf3 Qd8 33. Qh5+ 1-0

[Event "16th Delhi Open 2018"]
[Site "New Delhi IND"]
[Date "2018.01.16"]
[Round "10.4"]
[White "Khusenkhojaev, Muhammad"]
[Black "Deviatkin, Andrei"]
[Result "1/2-1/2"]
[WhiteTitle "IM"]
[BlackTitle "GM"]
[WhiteElo "2462"]
[BlackElo "2471"]
[WhiteFideId "14700247"]
[BlackFideId "4121260"]
[EventDate "2018.01.09"]

1. Nf3 Nf6 2. c4 g6 3. d4 Bg7 4. g3 b6 5. Bg2 Bb7 6. O-O O-O 7. Nc3 Ne4 8. Qc2
Nxc3 9. Qxc3 d6 10. Qc2 Nd7 11. e4 e5 12. d5 a5 13. Rb1 Nc5 14. b3 Bc8 15. Nd2
Bh6 16. a3 f5 17. exf5 Bxd2 18. Qxd2 Bxf5 19. Rb2 Qd7 20. b4 axb4 21. axb4 Nd3
22. Rb3 e4 23. Bb2 Ra2 1/2-1/2